000 00681nam a2200241 a 4500
001 0001-1135
003 ELIB.Books
008 150504 2010 eng
020 _a0830815899
035 _a(ELIB.Books)0001-1290
092 _a225.9
_bJef
100 _aJeffers, James S.
245 _aThe Greco-Roman World of the New Testament Era:
_bExploring the Background of Early Christianity
260 _aDowners Grove
_bIVP Academic
_c1999
300 _a351
_c23 Cm
500 _aC/o Moe Lwei
650 _aNew Testament, History
856 _nKBTS: Library
_uKBTS: Elib
942 _2ddc
_cBK
990 _a1
998 _cbat
_e2015-05-04
999 _c11135
_d11135